| 000 | 00000nam 2200000zi 4500 |
| 001 | 9.946707 |
| 003 | CaOODSP |
| 005 | 20250121091805 |
| 006 | m o d f |
| 007 | cr mn||||||||| |
| 008 | 250110e197604##onc ou f000 0 eng d |
| 040 | |aCaOODSP|beng|erda|cCaOODSP |
| 043 | |an-cn--- |
| 086 | 1 |aNR24-28/6-1976E-PDF |
| 245 | 00|aCommentary on Parts 1 and 2 of the National Building Code of Canada 1975 / |cissued by the Associate Committee on the National Building Code. |
| 250 | |a[First edition 1976]. |
| 264 | 1|aOttawa : |bNational Research Council Canada = Conseil national de recherches Canada, |cApril 1976. |
| 300 | |a1 online resource (16 pages) |
| 336 | |atext|btxt|2rdacontent |
| 337 | |acomputer|bc|2rdamedia |
| 338 | |aonline resource|bcr|2rdacarrier |
| 500 | |aCover title. |
| 520 | |a"The Commentary on Parts 1 and 2 of the National Building Code of Canada 1975 has been prepared to assist the Code user to understand the intent of the administrative requirements of the 1975 edition of the Code"--Preface. |
| 650 | 0|aBuilding laws|zCanada. |
| 650 | 0|aBuildings|xStandards|zCanada. |
| 650 | 6|aConstruction|xDroit|zCanada|vCodes. |
| 650 | 6|aConstructions|xNormes|zCanada. |
| 710 | 2 |aNational Research Council of Canada. |bAssociate Committee on the National Building Code, |eissuing body. |
| 794 | |tCommentary on Parts 1 and 2 of the National Building Code of Canada 1977 / |w(CaOODSP)9.895102 |
| 856 | 40|qPDF|s1.67 MB|uhttps://publications.gc.ca/collections/collection_2025/cnrc-nrc/NR24-28-6-1976-eng.pdf |